[Event "AUT-chT2W 2122"]
[Site "Austria"]
[Date "2022.03.13"]
[Round "11.6"]
[White "Schwarzmeier, Klaus"]
[Black "Xiong, Ferdinand"]
[Result "1-0"]
[WhiteElo "2176"]
[BlackElo "2211"]
[PlyCount "83"]
[EventDate "2021.10.15"]
[EventType "team-tourn"]
[EventRounds "11"]
[EventCountry "AUT"]
[SourceTitle "EXT 2023"]
[Source "ChessBase"]
[SourceDate "2022.10.05"]
[SourceVersion "1"]
[SourceVersionDate "2022.10.05"]
[SourceQuality "1"]
[WhiteTeam "Ranshofen"]
[BlackTeam "Wolfurt"]
[WhiteTeamCountry "AUT"]
[BlackTeamCountry "AUT"]

1. c4 Nf6 2. Nc3 g6 3. g3 Bg7 4. Bg2 0-0 5. Nf3 d6 6. 0-0 Nc6 7. Rb1 e5 8. d3 a5 9. a3 Nd4 10. Nd2 c6 11. e3 Nf5 12. Nf3 Re8 13. e4 Ne7 14. d4 exd4 15. Nxd4 d5 16. cxd5 cxd5 17. e5 Ne4 18. Bf4 Nxc3 19. bxc3 Nc6 20. Qb3 g5 21. Be3 Rxe5 22. Nf3 a4 23. Qa2 Re8 24. Bxg5 Qa5 25. Nd4 Bxd4 26. cxd4 Nxd4 27. Bxd5 Be6 28. Bxe6 Rxe6 29. Be3 Nb3 30. Rbd1 Qc3 31. Rd7 b5 32. Qe2 Qc6 33. Rfd1 h6 34. Qh5 Rf8 35. Ra7 Rg6 36. Rdd7 Rf6 37. h4 Qc4 38. Bxh6 Re8 39. Qg5+ Rg6 40. Qxg6+ fxg6 41. Rg7+ Kf8 42. Rge7+ 1-0

[Event "AUT-chT2W 2122"]
[Site "Austria"]
[Date "2022.03.11"]
[Round "9.2"]
[White "Hess, Max"]
[Black "Xiong, Ferdinand"]
[Result "1-0"]
[WhiteElo "2415"]
[BlackElo "2211"]
[PlyCount "67"]
[EventDate "2021.10.15"]
[EventType "team-tourn"]
[EventRounds "11"]
[EventCountry "AUT"]
[SourceTitle "EXT 2023"]
[Source "ChessBase"]
[SourceDate "2022.10.05"]
[SourceVersion "1"]
[SourceVersionDate "2022.10.05"]
[SourceQuality "1"]
[WhiteTeam "Schach ohne Grenzen"]
[BlackTeam "Wolfurt"]
[WhiteTeamCountry "AUT"]
[BlackTeamCountry "AUT"]

1. d4 Nf6 2. Nf3 g6 3. g3 Bg7 4. Bg2 0-0 5. 0-0 d6 6. b3 c5 7. Bb2 Nc6 8. d5 Na5 9. c4 b5 10. Nbd2 Rb8 11. Bc3 Ba6 12. Rc1 Nd7 13. Bxg7 Kxg7 14. Qc2 Kg8 15. h4 bxc4 16. bxc4 Nb6 17. Qd3 Qd7 18. h5 Qa4 19. Qe3 f6 20. hxg6 hxg6 21. Qxe7 Naxc4 22. Nxc4 Bxc4 23. Nh4 Rbe8 24. Qxd6 Kg7 25. Rfe1 Bxe2 26. Rxc5 Rf7 27. Rc7 Qxa2 28. Rxf7+ Kxf7 29. Rc1 Re7 30. Be4 Rxe4 31. Rc7+ Ke8 32. Nxg6 Qb1+ 33. Kh2 Qb4 34. Qxf6 1-0

[Event "Oberliga Bayern 2122"]
[Site "Bayern"]
[Date "2021.11.14"]
[Round "2.5"]
[White "Kern, Johannes"]
[Black "Xiong, Ferdinand"]
[Result "0-1"]
[WhiteElo "2178"]
[BlackElo "2230"]
[PlyCount "102"]
[EventDate "2021.10.24"]
[EventType "team-tourn"]
[EventRounds "9"]
[EventCountry "GER"]
[SourceTitle "EXT 2023"]
[Source "ChessBase"]
[SourceDate "2022.10.05"]
[SourceVersion "1"]
[SourceVersionDate "2022.10.05"]
[SourceQuality "1"]
[WhiteTeam "Trostberg"]
[BlackTeam "Muenchen Suedost"]
[WhiteTeamCountry "GER"]
[BlackTeamCountry "GER"]

1. e4 c5 2. Nf3 d6 3. Be2 Nf6 4. d3 Nc6 5. 0-0 g6 6. h3 Bg7 7. Be3 0-0 8. Nbd2 b6 9. c3 d5 10. e5 Ne8 11. d4 Nc7 12. dxc5 bxc5 13. Bxc5 Nxe5 14. Nxe5 Bxe5 15. Re1 Ne6 16. Ba3 Rb8 17. Bf3 Bd6 18. Bxd6 Qxd6 19. Nb3 Rd8 20. Qd2 Ba6 21. Rad1 Bc4 22. Nc1 d4 23. b3 Ba6 24. c4 Bb7 25. Bxb7 Rxb7 26. Nd3 Nc5 27. Qa5 Nxd3 28. Rxd3 f6 29. Re6 Qc7 30. Qxc7 Rxc7 31. f4 a5 32. Kf2 Kf7 33. Ra6 Rc5 34. Kf3 g5 35. g4 gxf4 36. Kxf4 Re5 37. Ra7 Re1 38. c5 Kg6 39. c6 e5+ 40. Kg3 Rc8 41. c7 Rc1 42. Kf3 R8xc7 43. Rxc7 Rxc7 44. Ke4 Rc2 45. a3 Ra2 46. a4 Re2+ 47. Kf3 Re1 48. Kf2 Rh1 49. b4 axb4 50. Rb3 Kg5 51. Rxb4 Rxh3 0-1

[Event "FIDE World Uni Rapid-F 1st"]
[Site "Tornelo INT"]
[Date "2021.03.20"]
[Round "6"]
[White "Xiong, Ferdinand"]
[Black "Debankan, Dhara"]
[Result "1-0"]
[WhiteElo "2211"]
[BlackElo "1950"]
[PlyCount "119"]
[EventDate "2021.03.20"]
[EventType "swiss (rapid)"]
[EventRounds "12"]
[EventCountry "NET"]
[SourceTitle "EXT 2022"]
[Source "ChessBase"]
[SourceDate "2021.10.06"]
[SourceVersion "1"]
[SourceVersionDate "2021.10.06"]
[SourceQuality "1"]

1. Nf3 d5 2. c4 c6 3. g3 Nf6 4. Bg2 Bg4 5. Ne5 Bf5 6. 0-0 e6 7. d4 Nbd7 8. Nc3 Nxe5 9. dxe5 Ng4 10. cxd5 exd5 11. Qd4 Qb6 12. Qf4 g6 13. e4 Bh6 14. Qf3 Nxe5 15. Qe2 Bg4 16. Qe1 Nd3 17. exd5+ Nxe1 18. Rxe1+ Kd7 19. Bxh6 Rae8 20. dxc6+ bxc6 21. Ne4 Rxe4 22. Rxe4 Be6 23. Be3 Qa6 24. a4 Rb8 25. b4 Bd5 26. Rd4 Ke8 27. b5 Qb7 28. Bxd5 cxd5 29. Rad1 Rd8 30. Bg5 Rd6 31. Bf4 Rd8 32. Re1+ Kf8 33. Bg5 Rc8 34. Re5 Kg7 35. Rexd5 Rc4 36. Be3 Rxd4 37. Bxd4+ Kh6 38. Re5 Qf3 39. Bc5 Qd1+ 40. Kg2 Kg7 41. a5 Qa1 42. Re8 Qxa5 43. Bd4+ Kh6 44. Re5 Qa4 45. Be3+ Kg7 46. h4 Qc4 47. Bxa7 h5 48. Be3 Kf6 49. Rc5 Qe4+ 50. Kh2 Ke6 51. b6 Qb1 52. Rc7 f6 53. b7 g5 54. hxg5 fxg5 55. Bxg5 Kf5 56. Bf4 h4 57. b8Q hxg3+ 58. Bxg3 Qxb8 59. Rf7+ Kg6 60. Bxb8 1-0

[Event "FIDE World Uni Rapid-F 1st"]
[Site "Tornelo INT"]
[Date "2021.03.20"]
[Round "2"]
[White "Xiong, Ferdinand"]
[Black "Maharramli, Chingiz Hasan Oglu"]
[Result "1-0"]
[WhiteElo "2211"]
[BlackElo "1717"]
[PlyCount "139"]
[EventDate "2021.03.20"]
[EventType "swiss (rapid)"]
[EventRounds "12"]
[EventCountry "NET"]
[SourceTitle "EXT 2022"]
[Source "ChessBase"]
[SourceDate "2021.10.06"]
[SourceVersion "1"]
[SourceVersionDate "2021.10.06"]
[SourceQuality "1"]

1. Nf3 Nc6 2. d4 d5 3. c4 e6 4. Nc3 Nf6 5. Bg5 Be7 6. e3 h6 7. Bh4 0-0 8. Be2 a6 9. 0-0 dxc4 10. Bxc4 b5 11. Be2 Bb7 12. Rc1 Rc8 13. Bxf6 Bxf6 14. Ne4 Nb4 15. Nxf6+ Qxf6 16. a3 Nd5 17. Rc5 Rfd8 18. Qb3 Nb6 19. Rfc1 Bd5 20. Qc2 Na8 21. a4 Rd6 22. axb5 axb5 23. Rxb5 Rb6 24. e4 Bb7 25. Rc5 Qf4 26. d5 exd5 27. exd5 Rd6 28. Qc4 Qf6 29. Qb3 Nb6 30. Rxc7 Rxc7 31. Rxc7 Bxd5 32. Qc2 Rc6 33. Rxc6 Qxc6 34. Qxc6 Bxc6 35. Nd4 Bd5 36. f3 g6 37. Kf2 Kf8 38. Ke3 Ke7 39. Kd2 Kd6 40. b4 f5 41. h4 f4 42. Bd3 Bf7 43. Be4 Nc4+ 44. Kd3 Kc7 45. Ne2 g5 46. hxg5 hxg5 47. g3 Ne5+ 48. Kd4 Nc6+ 49. Kc5 Ne5 50. gxf4 gxf4 51. Nxf4 Nd7+ 52. Kd4 Nf6 53. Nd5+ Nxd5 54. Bxd5 Bg6 55. Kc5 Bf5 56. b5 Kb8 57. b6 Bd7 58. Kd6 Bh3 59. f4 Bg4 60. Be6 Bh5 61. f5 Be8 62. f6 Bh5 63. f7 Bxf7 64. Bxf7 Kb7 65. Kc5 Kb8 66. Kc6 Kc8 67. b7+ Kb8 68. Be8 Ka7 69. Kc7 Ka6 70. b8Q 1-0

[Event "FIDE World Uni Blitz-D 1st"]
[Site "Tornelo INT"]
[Date "2021.03.13"]
[Round "8.35"]
[White "Palencia Alvarado, Julio Roberto"]
[Black "Xiong, Ferdinand"]
[Result "0-1"]
[WhiteElo "1752"]
[BlackElo "2211"]
[PlyCount "68"]
[EventDate "2021.03.13"]
[EventType "swiss (blitz)"]
[EventRounds "10"]
[EventCountry "NET"]
[SourceTitle "EXT 2022"]
[Source "ChessBase"]
[SourceDate "2021.10.06"]
[SourceVersion "1"]
[SourceVersionDate "2021.10.06"]
[SourceQuality "1"]

1. e4 c5 2. Nc3 g6 3. g3 Bg7 4. Bg2 Nc6 5. f4 e6 6. Nf3 Nge7 7. 0-0 d5 8. d3 c4 9. e5 Nf5 10. dxc4 Qb6+ 11. Kh1 dxc4 12. Ne4 0-0 13. g4 Ne3 14. Bxe3 Qxe3 15. Nf6+ Bxf6 16. exf6 Qxf4 17. Nh4 Qg5 18. Qe1 Qxg4 19. Bf3 Qg5 20. Bxc6 bxc6 21. Qe4 e5 22. Rg1 Qxf6 23. Raf1 Qd6 24. Nf5 Qe6 25. Nh6+ Kh8 26. Rf2 Qd5 27. Qxd5 cxd5 28. Rf6 d4 29. Rgf1 Bb7+ 30. Kg1 Bd5 31. Ng4 Rae8 32. a4 e4 33. a5 e3 34. Re1 h5 0-1

[Event "FIDE World Uni Blitz-D 1st"]
[Site "Tornelo INT"]
[Date "2021.03.13"]
[Round "3.35"]
[White "Semenov, Nikolay1111"]
[Black "Xiong, Ferdinand"]
[Result "0-1"]
[WhiteElo "1520"]
[BlackElo "2211"]
[PlyCount "62"]
[EventDate "2021.03.13"]
[EventType "swiss (blitz)"]
[EventRounds "10"]
[EventCountry "NET"]
[SourceTitle "EXT 2022"]
[Source "ChessBase"]
[SourceDate "2021.10.06"]
[SourceVersion "1"]
[SourceVersionDate "2021.10.06"]
[SourceQuality "1"]

1. d4 Nf6 2. Nf3 g6 3. c4 Bg7 4. Nc3 0-0 5. e4 d6 6. Qc2 Nbd7 7. Bd3 e5 8. d5 Nc5 9. b4 Nxd3+ 10. Qxd3 a5 11. b5 Nh5 12. Rb1 b6 13. Ne2 f5 14. a4 fxe4 15. Qxe4 Bf5 16. Qe3 Bxb1 17. 0-0 Bc2 18. Ng5 Bh6 19. f4 Bxg5 20. fxg5 Rxf1+ 21. Kxf1 Qf8+ 22. Kg1 Bxa4 23. Qh3 Qf7 24. Be3 Rf8 25. Ng3 Nf4 26. Qg4 Bb3 27. Ne4 Nh5 28. Qe2 Qf5 29. Nd2 Qc2 30. g4 Nf4 31. Bxf4 Rxf4 0-1

[Event "FIDE World Uni Blitz-D 1st"]
[Site "Tornelo INT"]
[Date "2021.03.13"]
[Round "9.24"]
[White "Xiong, Ferdinand"]
[Black "Silva, Mariana Sofia Teixe"]
[Result "1-0"]
[WhiteElo "2211"]
[BlackElo "1871"]
[PlyCount "135"]
[EventDate "2021.03.13"]
[EventType "swiss (blitz)"]
[EventRounds "10"]
[EventCountry "NET"]
[SourceTitle "EXT 2022"]
[Source "ChessBase"]
[SourceDate "2021.10.06"]
[SourceVersion "1"]
[SourceVersionDate "2021.10.06"]
[SourceQuality "1"]

1. Nf3 Nf6 2. d4 c5 3. c4 g6 4. Nc3 Bg7 5. d5 a6 6. e4 d6 7. Be2 0-0 8. 0-0 b5 9. cxb5 axb5 10. Bxb5 Ba6 11. Qe2 Qa5 12. Bxa6 Nxa6 13. Bd2 Rfb8 14. b3 Ng4 15. Rac1 Nb4 16. Na4 Qa6 17. Qxa6 Rxa6 18. Bxb4 Rxb4 19. Nd2 Bh6 20. f4 Nf6 21. Rce1 Rd4 22. Re2 c4 23. Nxc4 Nxe4 24. Rfe1 f5 25. g3 Rxa4 26. bxa4 Rxc4 27. Rb1 Rxa4 28. Rb7 Kf7 29. Rc2 Nc5 30. Rc7 Bg7 31. Re2 Bf6 32. h3 h5 33. Kg2 Ra3 34. Rc8 Ne4 35. g4 hxg4 36. hxg4 Rg3+ 37. Kh2 Rxg4 38. a4 Rxf4 39. a5 Nc5 40. Ra2 Be5 41. Kg2 Rg4+ 42. Kf1 Na6 43. Ra8 Nb4 44. Ra4 Rf4+ 45. Kg2 Rc4 46. Rb8 Rc2+ 47. Kf1 Na6 48. Rb6 Nc5 49. Ra3 Rc1+ 50. Kg2 Bd4 51. a6 Ne4 52. Rb7 Rc2+ 53. Kf1 f4 54. a7 Bxa7 55. Raxa7 g5 56. Rxe7+ Kf6 57. Rxe4 Kf5 58. Rb4 Kg4 59. Ra3 Rd2 60. Rb5 Kf5 61. Ke1 Rh2 62. Ra6 Ke5 63. Ra8 g4 64. Re8+ Kd4 65. Rb4+ Kc3 66. Rxf4 g3 67. Rg4 g2 68. Kf2 1-0

[Event "Oberliga Bayern 1920"]
[Site "Bayern"]
[Date "2019.11.24"]
[Round "3.2"]
[White "Klek, Hanna Marie"]
[Black "Xiong, Ferdinand"]
[Result "1/2-1/2"]
[WhiteElo "2309"]
[BlackElo "2221"]
[PlyCount "70"]
[EventDate "2019.10.20"]
[EventType "team-tourn"]
[EventRounds "9"]
[EventCountry "GER"]
[SourceTitle "EXT 2021"]
[Source "ChessBase"]
[SourceDate "2020.10.23"]
[SourceVersion "1"]
[SourceVersionDate "2020.10.23"]
[SourceQuality "1"]
[WhiteTeam "Erlangen SC"]
[BlackTeam "Muenchen Suedost"]
[WhiteTeamCountry "GER"]
[BlackTeamCountry "GER"]

1. d4 Nf6 2. c4 g6 3. Nc3 Bg7 4. e4 0-0 5. Be2 d6 6. Be3 e5 7. d5 a5 8. g4 Na6 9. h4 Nc5 10. Bf3 Ne8 11. h5 f5 12. hxg6 fxg4 13. gxh7+ Kh8 14. Bg2 Qf6 15. Nge2 Qg6 16. Ng3 Rf4 17. Qc2 Nf6 18. 0-0-0 Bd7 19. Rdg1 Re8 20. Nce2 Nfxe4 21. Bxc5 Nxg3 22. Qxg6 Nxe2+ 23. Kd1 Nxg1 24. Be3 Rf6 25. Qc2 Nf3 26. Rh5 g3 27. Bxf3 Rxf3 28. Rg5 gxf2 29. Bxf2 Ref8 30. Qg6 R8f7 31. Be1 a4 32. Rg2 Bf5 33. Qg5 Bxh7 34. Rh2 Bf8 35. Qd8 a3 1/2-1/2

[Event "Munich OIS op 37th"]
[Site "Munich"]
[Date "2017.10.08"]
[Round "9"]
[White "Xiong, Ferdinand"]
[Black "Cuadrado, Guillermo"]
[Result "1/2-1/2"]
[WhiteElo "2144"]
[BlackElo "2088"]
[PlyCount "128"]
[EventDate "2017.09.30"]
[EventType "swiss"]
[EventRounds "9"]
[EventCountry "GER"]
[SourceTitle "CBM 181 Extra"]
[Source "ChessBase"]
[SourceDate "2017.12.12"]
[SourceVersion "1"]
[SourceVersionDate "2017.12.12"]
[SourceQuality "1"]

1. e4 c5 2. Nf3 g6 3. d4 cxd4 4. Qxd4 Nf6 5. e5 Nc6 6. Qa4 Nd5 7. Qe4 Nc7 8. Bf4 Ne6 9. Bg3 Qb6 10. b3 Qb4+ 11. Qxb4 Nxb4 12. Na3 Bg7 13. Be2 b6 14. 0-0 Bb7 15. Rfd1 Rc8 16. Bb5 Rc7 17. Bc4 a6 18. c3 Nc6 19. Bd5 0-0 20. Nc4 b5 21. Nb6 Re8 22. b4 Kf8 23. Rd3 Rd8 24. Rad1 Ke8 25. a3 h6 26. h4 Na7 27. Bb3 Nc8 28. Nd5 Bxd5 29. Bxd5 Nb6 30. Bb3 Rdc8 31. Rc1 Rc6 32. Nd2 h5 33. Ne4 Nc4 34. Bxc4 Rxc4 35. f3 Bh6 36. Rcd1 R8c7 37. Kf2 R4c6 38. Rd5 Rc4 39. Ke2 R4c6 40. Bh2 Bg7 41. g3 f5 42. exf6 Bxf6 43. g4 Rb7 44. gxh5 gxh5 45. Nxf6+ exf6 46. Rxh5 Rxc3 47. Rd3 Rc2+ 48. Rd2 Nd4+ 49. Ke3 Rxd2 50. Kxd2 Nxf3+ 51. Ke3 Nxh2 52. Kf4 Rc7 53. Kf5 Rc6 54. Rh8+ Ke7 55. Rh7+ Kd8 56. h5 Nf3 57. Rh8+ Kc7 58. h6 Nh4+ 59. Kg4 Rc4+ 60. Kh5 Nf5 61. h7 Rh4+ 62. Kg6 Ne7+ 63. Kf7 Kd6 64. Kxf6 Rh1 1/2-1/2

[Event "Munich OIS op 37th"]
[Site "Munich"]
[Date "2017.10.04"]
[Round "5"]
[White "Xiong, Ferdinand"]
[Black "Feldmann, Johannes"]
[Result "0-1"]
[WhiteElo "2144"]
[BlackElo "2208"]
[PlyCount "84"]
[EventDate "2017.09.30"]
[EventType "swiss"]
[EventRounds "9"]
[EventCountry "GER"]
[SourceTitle "CBM 181 Extra"]
[Source "ChessBase"]
[SourceDate "2017.12.12"]
[SourceVersion "1"]
[SourceVersionDate "2017.12.12"]
[SourceQuality "1"]

1. e4 e6 2. Nc3 d5 3. d4 Nf6 4. e5 Nfd7 5. f4 c5 6. Nf3 Nc6 7. Be3 cxd4 8. Nxd4 Bc5 9. Qd2 0-0 10. 0-0-0 a6 11. h4 Nxd4 12. Bxd4 b5 13. Qf2 Qb6 14. h5 Bb7 15. h6 g6 16. Kb1 Rac8 17. Rh3 f6 18. Bxc5 Nxc5 19. exf6 Rxf6 20. Qd4 Nd7 21. Ne2 Qxd4 22. Nxd4 Rxf4 23. Nxe6 Rf2 24. Nd4 Rcf8 25. Rh1 Nc5 26. g4 Bc8 27. Be2 Ne4 28. Rhg1 g5 29. Bd3 R8f6 30. Rde1 R2f4 31. Nf5 Bxf5 32. gxf5 Nd2+ 33. Kc1 Nf3 34. Rxg5+ Nxg5 35. Rg1 Kf7 36. Rxg5 Rxh6 37. Kd2 d4 38. b4 Rh1 39. c4 Rf2+ 40. Be2 Rhh2 41. c5 Rxe2+ 42. Kd3 Reg2 0-1

[Event "Nuremberg Zabo op 19th"]
[Site "Nuremberg"]
[Date "2017.09.17"]
[Round "5"]
[White "Xiong, Ferdinand"]
[Black "Promyshlyanskiy, Vitaliy"]
[Result "0-1"]
[WhiteElo "2192"]
[BlackElo "2248"]
[PlyCount "48"]
[EventDate "2017.09.15"]
[EventType "swiss"]
[EventRounds "5"]
[EventCountry "GER"]
[SourceTitle "EXT 2022"]
[Source "ChessBase"]
[SourceDate "2021.10.06"]
[SourceVersion "1"]
[SourceVersionDate "2021.10.06"]
[SourceQuality "1"]

1. e4 e5 2. Nf3 Nc6 3. Bb5 a6 4. Ba4 Nge7 5. 0-0 g6 6. d4 exd4 7. Nxd4 Bg7 8. Be3 b5 9. Bb3 Na5 10. e5 0-0 11. Nf3 h6 12. Nc3 Nxb3 13. axb3 Bb7 14. Re1 Re8 15. Bc5 Bxf3 16. Qxf3 Nc6 17. Rad1 Nxe5 18. Qb7 d6 19. f4 Ng4 20. Rxe8+ Qxe8 21. Ba7 c5 22. Qf3 Bd4+ 23. Rxd4 Qe1+ 24. Qf1 Qe3+ 0-1

[Event "Landesliga U20 Sued 1516"]
[Site "Bayern"]
[Date "2016.01.23"]
[Round "4.1"]
[White "Imnadze, Nato"]
[Black "Xiong, Ferdinand"]
[Result "1-0"]
[WhiteElo "2262"]
[BlackElo "2177"]
[PlyCount "87"]
[EventDate "2015.11.21"]
[EventType "team-tourn"]
[EventRounds "7"]
[EventCountry "GER"]
[SourceTitle "EXT 2022"]
[Source "ChessBase"]
[SourceDate "2021.10.06"]
[SourceVersion "1"]
[SourceVersionDate "2021.10.06"]
[SourceQuality "1"]
[WhiteTeam "Forstenried U20"]
[BlackTeam "Vaterstetten Grasbrunn U20"]
[WhiteTeamCountry "GER"]
[BlackTeamCountry "GER"]

1. e4 c5 2. Nc3 g6 3. g3 Bg7 4. Bg2 Nc6 5. d3 d6 6. Be3 Nf6 7. h3 Rb8 8. f4 0-0 9. Nge2 Bd7 10. a4 Qc8 11. Qd2 b6 12. g4 h5 13. gxh5 Nxh5 14. Bf3 Nf6 15. Kf2 Bxh3 16. f5 Bg4 17. Bh6 Bxf3 18. Bxg7 Bxh1 19. Bxf6 exf6 20. Rxh1 Ne5 21. Nd5 Ng4+ 22. Kg3 Kg7 23. Kxg4 Rh8 24. Rf1 g5 25. Qc3 Rh6 26. Nxf6 Qh8 27. Nh5+ Kh7 28. Qxh8+ Rxh8 29. Rh1 Kg8 30. Kxg5 Kf8 31. Nef4 f6+ 32. Kg4 Kf7 33. c3 Rg8+ 34. Ng6 Rc8 35. Rd1 Re8 36. Rd2 a6 37. Ng3 b5 38. axb5 axb5 39. d4 c4 40. Re2 b4 41. Nh5 bxc3 42. bxc3 d5 43. e5 fxe5 44. Rxe5 1-0

[Event "Arber op 4th"]
[Site "Bayerisch Eisenstein"]
[Date "2015.08.08"]
[Round "8"]
[White "Xiong, Ferdinand"]
[Black "Lang, Torsten"]
[Result "1-0"]
[WhiteElo "2084"]
[BlackElo "2332"]
[PlyCount "119"]
[EventDate "2015.08.01"]
[EventType "swiss"]
[EventRounds "9"]
[EventCountry "GER"]
[SourceTitle "EXT 2016"]
[Source "ChessBase"]
[SourceDate "2015.10.08"]
[SourceVersion "1"]
[SourceVersionDate "2015.10.08"]
[SourceQuality "1"]

1. e4 g6 2. d4 Bg7 3. Nc3 c6 4. Be3 d5 5. f3 dxe4 6. fxe4 Nf6 7. Nf3 Ng4 8. Bg1 e5 9. d5 0-0 10. Bc4 Nd7 11. h3 Ngf6 12. Qd3 b5 13. Bb3 b4 14. Na4 Bb7 15. Nc5 Nxc5 16. Bxc5 cxd5 17. Bxf8 Qxf8 18. Qb5 Rb8 19. 0-0 dxe4 20. Nxe5 Bd5 21. Qa5 Bxb3 22. axb3 Qe8 23. Nc4 Nh5 24. Qxa7 Ng3 25. Nd6 Bd4+ 26. Qxd4 Ne2+ 27. Kf2 Nxd4 28. Nxe8 Rxe8 29. Rac1 e3+ 30. Ke1 Re4 31. c3 Nxb3 32. Rc2 f5 33. g3 Na1 34. Re2 b3 35. Rf4 Nc2+ 36. Kd1 Re6 37. Ra4 Kg7 38. Ra7+ Kf6 39. Rb7 Na1 40. Rxh7 Nc2 41. Rb7 Na1 42. h4 g5 43. hxg5+ Kxg5 44. Rg7+ Kf6 45. Rh7 Nc2 46. Rb7 Na1 47. Ke1 Kg5 48. Rg7+ Kf6 49. Rh7 Nc2+ 50. Kf1 Rd6 51. Rb7 Rd1+ 52. Kg2 Ne1+ 53. Kh3 Nd3 54. Rxe3 Rd2 55. Rxb3 Nf2+ 56. Kh4 Ne4 57. Rb6+ Ke5 58. Rb5+ Kf6 59. g4 f4 60. Rxe4 1-0

[Event "Arber op 4th"]
[Site "Bayerisch Eisenstein"]
[Date "2015.08.04"]
[Round "4"]
[White "Xiong, Ferdinand"]
[Black "Jolowicz, Matias"]
[Result "1-0"]
[WhiteElo "2084"]
[BlackElo "2184"]
[PlyCount "86"]
[EventDate "2015.08.01"]
[EventType "swiss"]
[EventRounds "9"]
[EventCountry "GER"]
[SourceTitle "EXT 2016"]
[Source "ChessBase"]
[SourceDate "2015.10.08"]
[SourceVersion "1"]
[SourceVersionDate "2015.10.08"]
[SourceQuality "1"]

1. e4 Nf6 2. e5 Nd5 3. d4 d6 4. c4 Nb6 5. exd6 exd6 6. Bd3 Nc6 7. Ne2 Nb4 8. Be4 d5 9. cxd5 N4xd5 10. Nbc3 Be7 11. 0-0 0-0 12. Nf4 c6 13. Re1 Nxf4 14. Bxf4 Bf6 15. Qd3 g6 16. Rad1 Be6 17. Qf3 Bg7 18. Qg3 Nd5 19. Bd6 Re8 20. Bb1 Nxc3 21. bxc3 Qd7 22. h4 Bf5 23. Bf4 Bxb1 24. Rxb1 b5 25. Re3 Re6 26. Rbe1 Rae8 27. h5 Qd5 28. R1e2 f6 29. Bb8 gxh5 30. Bxa7 h4 31. Qh3 f5 32. Qxh4 Rxe3 33. Rxe3 Ra8 34. Re7 Qd6 35. Bc5 Qg6 36. Qf4 Qh5 37. f3 Bf6 38. Re6 Qf7 39. Qd6 Bh4 40. Qxc6 Rxa2 41. Re8+ Kg7 42. Bf8+ Qxf8 43. Rxf8 Kxf8 1-0

[Event "Arber op 4th"]
[Site "Bayerisch Eisenstein"]
[Date "2015.08.03"]
[Round "3"]
[White "Stefansson, Hannes"]
[Black "Xiong, Ferdinand"]
[Result "1-0"]
[WhiteElo "2593"]
[BlackElo "2084"]
[PlyCount "85"]
[EventDate "2015.08.01"]
[EventType "swiss"]
[EventRounds "9"]
[EventCountry "GER"]
[SourceTitle "EXT 2016"]
[Source "ChessBase"]
[SourceDate "2015.10.08"]
[SourceVersion "1"]
[SourceVersionDate "2015.10.08"]
[SourceQuality "1"]

1. d4 Nf6 2. c4 g6 3. Nc3 Bg7 4. e4 0-0 5. Bg5 c5 6. d5 d6 7. Qd2 a6 8. a4 Nbd7 9. Nf3 Qa5 10. Ra3 Qb4 11. Bd3 h6 12. Bf4 g5 13. Bg3 Nh5 14. 0-0 Nb6 15. Qc2 Qa5 16. Nd2 Nd7 17. Be2 Nxg3 18. hxg3 Ne5 19. Nd1 f5 20. Ne3 f4 21. gxf4 gxf4 22. Nf5 Qd8 23. Nxg7 Kxg7 24. Nf3 Rg8 25. Qc3 Kf6 26. Qd2 Ng6 27. Nh4 Qf8 28. Rf3 Nxh4 29. Rxf4+ Nf5 30. Bg4 Qg7 31. g3 Qxg4 32. Rxg4 Rxg4 33. exf5 Bxf5 34. Qxh6+ Kf7 35. Re1 Rag8 36. Re3 R4g5 37. Qh4 e5 38. dxe6+ Bxe6 39. Qf4+ Ke7 40. Qe4 Re5 41. Qxb7+ Kf6 42. Qf3+ Bf5 43. Rxe5 1-0

[Event "Arber op 4th"]
[Site "Bayerisch Eisenstein"]
[Date "2015.08.02"]
[Round "2"]
[White "Xiong, Ferdinand"]
[Black "Beulertz, Stefan"]
[Result "1-0"]
[WhiteElo "2084"]
[BlackElo "1990"]
[PlyCount "91"]
[EventDate "2015.08.01"]
[EventType "swiss"]
[EventRounds "9"]
[EventCountry "GER"]
[SourceTitle "EXT 2016"]
[Source "ChessBase"]
[SourceDate "2015.10.08"]
[SourceVersion "1"]
[SourceVersionDate "2015.10.08"]
[SourceQuality "1"]

1. Nf3 e6 2. g3 f5 3. Bg2 Nf6 4. 0-0 Be7 5. c4 0-0 6. d4 d6 7. Nc3 Ne4 8. Qc2 Nxc3 9. Qxc3 a5 10. Re1 Bf6 11. e4 fxe4 12. Rxe4 Nc6 13. Bf4 Nxd4 14. Nxd4 e5 15. Be3 exd4 16. Bxd4 Bf5 17. Rf4 Bxd4 18. Qxd4 c6 19. Rd1 Be6 20. Rh4 Qf6 21. Qxf6 Rxf6 22. Rxd6 Raf8 23. Re4 Kf7 24. f4 Bf5 25. Red4 Re8 26. Kf2 Bg4 27. h3 Bc8 28. g4 g6 29. Rxf6+ Kxf6 30. Be4 h5 31. Rd6+ Re6 32. c5 Rxd6 33. cxd6 hxg4 34. h4 Bd7 35. a3 b6 36. Kg3 c5 37. Bd3 Kf7 38. Be2 b5 39. b3 a4 40. bxa4 bxa4 41. Bxg4 Bxg4 42. Kxg4 Ke6 43. d7 Kxd7 44. f5 c4 45. fxg6 Ke7 46. Kf4 1-0

[Event "Maastricht Limburg op-A 8th"]
[Site "Maastricht"]
[Date "2014.06.09"]
[Round "6"]
[White "Jeitz, Christian"]
[Black "Xiong, Ferdinand"]
[Result "1/2-1/2"]
[WhiteElo "2169"]
[BlackElo "2110"]
[PlyCount "54"]
[EventDate "2014.06.06"]
[EventType "swiss"]
[EventRounds "7"]
[EventCountry "NED"]
[SourceTitle "CBM 160 Extra"]
[Source "ChessBase"]
[SourceDate "2014.07.01"]
[SourceVersion "1"]
[SourceVersionDate "2014.07.01"]
[SourceQuality "1"]

1. e4 c5 2. Nf3 d6 3. Bb5+ Bd7 4. Bxd7+ Qxd7 5. c4 Nc6 6. Nc3 Nf6 7. d4 cxd4 8. Nxd4 g6 9. f3 Bg7 10. Be3 0-0 11. 0-0 Rac8 12. b3 Rfd8 13. Qd2 e6 14. Rac1 d5 15. exd5 exd5 16. c5 Nxd4 17. Bxd4 Ne4 18. fxe4 dxe4 19. Nxe4 Bxd4+ 20. Kh1 Qe6 21. Qf4 f5 22. Ng5 Qe3 23. Qh4 h5 24. Rce1 Qc3 25. Rc1 Qe3 26. Rce1 Qc3 27. Rc1 Qe3 1/2-1/2

[Event "Maastricht Limburg op-A 8th"]
[Site "Maastricht"]
[Date "2014.06.08"]
[Round "4"]
[White "Van den Doel, Erik"]
[Black "Xiong, Ferdinand"]
[Result "1/2-1/2"]
[WhiteElo "2553"]
[BlackElo "2110"]
[PlyCount "87"]
[EventDate "2014.06.06"]
[EventType "swiss"]
[EventRounds "7"]
[EventCountry "NED"]
[SourceTitle "CBM 160 Extra"]
[Source "ChessBase"]
[SourceDate "2014.07.01"]
[SourceVersion "1"]
[SourceVersionDate "2014.07.01"]
[SourceQuality "1"]

1. e4 c5 2. Nc3 g6 3. d4 cxd4 4. Qxd4 Nf6 5. Nf3 Nc6 6. Qa4 d6 7. e5 dxe5 8. Nxe5 Qd4 9. Nxc6 Qxa4 10. Nxa4 bxc6 11. Be3 Bg7 12. 0-0-0 0-0 13. Bc4 Nd5 14. Bc5 Re8 15. Ba3 Rb8 16. Bb3 Bg4 17. f3 Be6 18. Nc5 Bh6+ 19. Kb1 Ne3 20. Nxe6 Nxd1 21. Rxd1 fxe6 22. Bxe6+ Kf8 23. Rd7 Bg5 24. Rd3 Red8 25. Bc5 Rxd3 26. cxd3 a5 27. Kc2 Rb5 28. d4 Bf4 29. Bd7 Bxh2 30. Bxc6 Rb8 31. Kc3 Bd6 32. Be4 Ke8 33. a3 Kd7 34. b4 axb4+ 35. axb4 e5 36. dxe5 Bxe5+ 37. Kc4 Bd6 38. b5 Bxc5 39. Kxc5 Kc7 40. f4 Rb6 41. f5 gxf5 42. Bxf5 h5 43. Be4 Rf6 44. Bc6 1/2-1/2